000 01049nam a22002297a 4500
003 AM-YEHGA
005 20250617164819.0
008 240207s1962 ru |||||r|||||001|0|rus||
040 _aAM-YeHGA
041 0 _arus
245 0 0 _aРуководство по методике опробования гравийно-песчаных месторождений /
_cГлав. упр. геологии и охраны недр при Совете Министров РСФСР, Сев.-зап. геол. упр.; [Сост.: А. А. Петров].
260 _aЛенинград :
_bБ. и.,
_c1962.
300 _a61 с. ;
_c19 см.
500 _aНа обороте тит. л. сост.: А. А. Петров
504 _aБиблиогр.: с. 58-59 (16 назв.)
650 1 4 _aПесок
_vОпробование
_xМесторождения
650 1 4 _aГравий
_vОпробование
_xМесторождения
700 1 _aПетров, А. А.
_eсост.
_4com
942 _2udc
_cBK
001 1829052
090 _c568436
999 _c529948
_d529948